Baby Boy Names: New Zealand Quiz Stats

 Plays Quiz not verified by Sporcle

Support Sporcle.
Go Orange.
Score 0/50 Timer 10:00
0 Plays Today
Rank Name % Correct
11James
91.6%
13Daniel
89.6%
1Jack
86.4%
3William
83.8%
18Thomas
80.5%
=15Benjamin
79.9%
38Luke
78.6%
25Alexander
77.9%
=36Harry
77.9%
2Oliver
76.6%
4Liam
76.6%
6Samuel
76.6%
=7Jacob
76.6%
=15Joshua
76.6%
36Matthew
76.6%
=7Lucas
76%
9Ethan
74%
19Ryan
74%
=48Henry
72.7%
20Charlie
70.8%
=26Jackson
69.5%
41Nathan
68.2%
10Noah
67.5%
=26George
64.9%
=39Eli
64.9%
Rank Name % Correct
24Tyler
64.3%
31Isaac
63%
=29Elijah
62.3%
=44Dylan
61.7%
=21Jayden
61%
=44Joseph
61%
50Jake
60.4%
5Mason
59.7%
17Max
59.1%
=32Connor
59.1%
46Logan
57.8%
23Leo
50.6%
=39Caleb
50%
=42Oscar
49.4%
=21Hunter
47.4%
34Riley
45.5%
35Xavier
42.2%
12Cooper
40.9%
14Blake
40.9%
=42Carter
40.3%
=48Harrison
40.3%
47Finn
39%
=32Levi
32.5%
=29Lachlan
31.2%
28Braxton
9.7%

You're not logged in!

Compare scores with friends on all Sporcle quizzes.
OR
Log In

From the Vault

Dunder Mifflin Branches

by Booger

Dunder Mifflin Inc. (stock symbol DMI) is a micro-cap regional paper and office supply distributor with an emphasis on servicing small-business clients. At least, that's what she said.
Remove Ads.
Support Sporcle.
Get the best of Sporcle when you Go Orange. This ad-free experience offers more features, more stats, and more fun while also helping to support Sporcle. Thank you for becoming a member.

Show Comments

Extras

Top Quizzes Today


Score Distribution

Your Account Isn't Verified!

In order to create a playlist on Sporcle, you need to verify the email address you used during registration. Go to your Sporcle Settings to finish the process.

Report this User

Report this user for behavior that violates our Community Guidelines.

Details: